[Event "Oceania zt 3.6"]
[Site "Melbourne"]
[Date "2023.01.24"]
[Round "2"]
[White "Lane, Gary William"]
[Black "Lane, Ryan"]
[Result "1-0"]
[WhiteElo "2343"]
[BlackElo "1825"]
[PlyCount "43"]
[EventDate "2023.01.23"]
[EventType "swiss"]
[EventRounds "9"]
[EventCountry "AUS"]
[SourceTitle "CBM 212 Extra"]
[Source "ChessBase"]
[SourceDate "2023.03.31"]
[SourceVersion "1"]
[SourceVersionDate "2023.03.31"]
[SourceQuality "1"]

1. e4 e5 2. Nf3 Nc6 3. Bb5 d6 4. d4 exd4 5. Nxd4 Bd7 6. Nc3 Be7 7. Nf5 Bxf5 8. exf5 Nf6 9. Qf3 Qd7 10. g4 h6 11. Bf4 a6 12. Ba4 b5 13. Bb3 0-0 14. 0-0-0 Na5 15. h4 c5 16. Bd5 b4 17. Ne4 Nxd5 18. Rxd5 Qa4 19. Kb1 Rab8 20. f6 b3 21. cxb3 Nxb3 22. fxe7 1-0

[Event "Eastern Asia-ch U18"]
[Site "Tornelo INT"]
[Date "2021.10.31"]
[Round "9"]
[White "Namitbir, Singh Walia"]
[Black "Lane, Ryan"]
[Result "1-0"]
[WhiteElo "1217"]
[BlackElo "1758"]
[PlyCount "85"]
[EventDate "2021.10.29"]
[EventType "swiss"]
[EventRounds "9"]
[EventCountry "NET"]
[SourceTitle "CBM 205 Extra"]
[Source "ChessBase"]
[SourceDate "2022.01.31"]
[SourceVersion "1"]
[SourceVersionDate "2022.01.31"]
[SourceQuality "1"]

1. e4 e5 2. Nf3 Nc6 3. Bb5 a6 4. Ba4 Nf6 5. 0-0 b5 6. Bb3 Bc5 7. c3 d6 8. d4 Bb6 9. a4 Bg4 10. Bg5 Qc8 11. Bxf6 gxf6 12. Bd5 Bd7 13. Nh4 Rb8 14. Qh5 0-0 15. Bxc6 Bxc6 16. Nf5 Kh8 17. Qh6 Qxf5 18. exf5 Rg8 19. Qxf6+ Rg7 20. axb5 axb5 21. g3 exd4 22. cxd4 h5 23. Rc1 Bb7 24. Nc3 b4 25. Nb5 Re8 26. Nxc7 Re4 27. Nb5 Kh7 28. Nxd6 Bxd4 29. Nxe4 Bxf6 30. Nxf6+ Kh6 31. Ra7 Bf3 32. h4 b3 33. Ra3 Be2 34. Ra8 Rh7 35. Nxh7 Kxh7 36. Re1 Bd3 37. f6 Kg6 38. Rd8 Kxf6 39. Rxd3 Kf5 40. Rxb3 Kg4 41. Kg2 f6 42. Rb5 f5 43. f3# 1-0

[Event "World Cup U18 Prel"]
[Site "Tornelo INT"]
[Date "2021.08.19"]
[Round "8"]
[White "Tan, Jun Ying"]
[Black "Lane, Ryan"]
[Result "1-0"]
[WhiteElo "2151"]
[BlackElo "1865"]
[PlyCount "95"]
[EventDate "2021.08.16"]
[EventType "swiss (rapid)"]
[EventRounds "10"]
[EventCountry "NET"]
[SourceTitle "CBM 203 Extra"]
[Source "ChessBase"]
[SourceDate "2021.09.30"]
[SourceVersion "1"]
[SourceVersionDate "2021.09.30"]
[SourceQuality "1"]

1. d4 Nf6 2. c4 g6 3. Nc3 Bg7 4. e4 0-0 5. h4 h5 6. Bg5 d6 7. Nf3 Nbd7 8. e5 Nh7 9. e6 fxe6 10. Bd3 Qe8 11. Nb5 Qf7 12. Nxc7 Rb8 13. Qc2 Bf6 14. Bxg6 Qg7 15. Nxe6 Qh8 16. Bxh7+ Qxh7 17. Qxh7+ Kxh7 18. Nxf8+ Nxf8 19. Bxf6 exf6 20. Kd2 Ng6 21. g3 Bg4 22. Nh2 Bf5 23. Rhe1 Kg7 24. Nf1 Kf7 25. Ne3 Ne7 26. Nxf5 Nxf5 27. Kd3 d5 28. c5 Rg8 29. Rad1 b6 30. b4 bxc5 31. bxc5 Rg4 32. Kc3 Ne7 33. Rb1 Nc6 34. Rb7+ Kg6 35. Rd1 Re4 36. Rc7 Re6 37. Rd3 f5 38. Re3 Rf6 39. Rd7 a5 40. Rxd5 Nb4 41. Rd6 Nxa2+ 42. Kc4 Nb4 43. Rxf6+ Kxf6 44. d5 Nc2 45. Re6+ Kf7 46. c6 Na3+ 47. Kc5 f4 48. gxf4 1-0

[Event "Gibraltar Amateur op-B"]
[Site "Caleta"]
[Date "2019.01.29"]
[Round "4"]
[White "Cernuda Orejas, Victor Manuel"]
[Black "Lane, Ryan"]
[Result "0-1"]
[WhiteElo "1893"]
[BlackElo "1851"]
[PlyCount "136"]
[EventDate "2019.01.26"]
[EventType "swiss"]
[EventRounds "5"]
[EventCountry "GGB"]
[SourceTitle "EXT 2021"]
[Source "ChessBase"]
[SourceDate "2020.10.23"]
[SourceVersion "1"]
[SourceVersionDate "2020.10.23"]
[SourceQuality "1"]

1. c3 Nf6 2. d4 g6 3. Bg5 Bg7 4. Nf3 d6 5. Nbd2 h6 6. Bxf6 Bxf6 7. e4 Bg7 8. Bd3 Nd7 9. Qc2 c5 10. 0-0 0-0 11. Rfe1 Qc7 12. Rac1 a6 13. dxc5 Nxc5 14. Nb3 Nxd3 15. Qxd3 b6 16. Qe3 Bb7 17. Nbd2 Rfd8 18. Nd4 Rac8 19. Ne2 Qc5 20. Nf4 Qxe3 21. Rxe3 h5 22. Nd5 Bxd5 23. exd5 Bh6 24. Rd3 b5 25. Re1 Bxd2 26. Rxd2 Kf8 27. f4 Rc4 28. Rf1 Kg7 29. f5 g5 30. f6+ exf6 31. Rdf2 Re4 32. Rxf6 Rd7 33. R6f2 Re5 34. Rd2 Rde7 35. Rfd1 Re2 36. Kf1 Rxd2 37. Rxd2 f5 38. b3 Re4 39. Rc2 Kf6 40. c4 bxc4 41. bxc4 Ke5 42. c5 Kxd5 43. c6 Re8 44. Kf2 Rc8 45. c7 Ke6 46. Rc6 Kd7 47. Rxa6 Rxc7 48. h3 Rc2+ 49. Kf3 Ke6 50. Ra8 h4 51. Re8+ Kf7 52. Ra8 Rc3+ 53. Kf2 Kf6 54. a4 Ke5 55. Rb8 Ra3 56. Rb5+ d5 57. a5 Ke4 58. Rb4+ d4 59. Rb5 Ra2+ 60. Kf1 d3 61. Ke1 Rxg2 62. Rb8 Ra2 63. Re8+ Kf3 64. Re5 Kf4 65. Rd5 Ke4 66. Rb5 g4 67. hxg4 fxg4 68. Kf1 h3 0-1

[Event "Gibraltar Amateur op-A"]
[Site "Caleta"]
[Date "2019.01.21"]
[Round "1"]
[White "Lane, Ryan"]
[Black "Kumar, Deepak1111"]
[Result "1/2-1/2"]
[WhiteElo "1851"]
[BlackElo "1590"]
[PlyCount "59"]
[EventDate "2019.01.21"]
[EventType "swiss"]
[EventRounds "5"]
[EventCountry "GGB"]
[SourceTitle "CBM 188 Extra"]
[Source "ChessBase"]
[SourceDate "2019.02.26"]
[SourceVersion "1"]
[SourceVersionDate "2019.02.26"]
[SourceQuality "1"]

1. e4 b6 2. d4 Bb7 3. Nc3 d6 4. Nf3 e6 5. Bb5+ c6 6. Ba4 Nd7 7. 0-0 Be7 8. Bf4 Ngf6 9. Re1 0-0 10. Qe2 a5 11. a3 b5 12. Bb3 a4 13. Ba2 Ba6 14. Qd2 d5 15. Rad1 b4 16. axb4 Bxb4 17. Bg5 Qa5 18. exd5 cxd5 19. Qf4 Bxc3 20. bxc3 Qxc3 21. Ne5 Nxe5 22. Qxe5 Ne4 23. Bh4 Qb2 24. Bb1 Nc3 25. Bf6 gxf6 26. Qxf6 Ne4 27. Rxe4 dxe4 28. Qg5+ Kh8 29. Qf6+ Kg8 30. Qg5+ 1/2-1/2

[Event "AUS-ch Major"]
[Site "Cammeray"]
[Date "2018.01.08"]
[Round "7"]
[White "Ge, Eva"]
[Black "Lane, Ryan"]
[Result "1-0"]
[WhiteElo "1529"]
[BlackElo "1726"]
[PlyCount "89"]
[EventDate "2018.01.02"]
[EventType "swiss"]
[EventRounds "11"]
[EventCountry "AUS"]
[SourceTitle "CBM 182 Extra"]
[Source "ChessBase"]
[SourceDate "2018.02.23"]
[SourceVersion "1"]
[SourceVersionDate "2018.02.23"]
[SourceQuality "1"]

1. e4 e5 2. Nf3 Nc6 3. d4 exd4 4. Bc4 Bc5 5. c3 Nf6 6. e5 d5 7. Bb5 Ne4 8. cxd4 Bb4+ 9. Bd2 Nxd2 10. Nbxd2 0-0 11. 0-0 Ne7 12. Bd3 Bf5 13. Nb3 Bxd3 14. Qxd3 Nc6 15. Rac1 a6 16. a3 Be7 17. Nc5 Bxc5 18. Rxc5 Ne7 19. Ng5 Ng6 20. f4 h6 21. Nxf7 Rxf7 22. Qxg6 c6 23. f5 Qh4 24. g4 Raf8 25. Rc3 h5 26. Rg3 hxg4 27. Rxg4 Qh7 28. f6 Qxg6 29. Rxg6 Re8 30. Rf5 Kh7 31. Rg3 Re6 32. Rfg5 Kg8 33. Rxg7+ Rxg7 34. Rxg7+ Kf8 35. h4 c5 36. h5 cxd4 37. h6 Rxe5 38. h7 Rh5 39. Rg8+ Kf7 40. h8Q Rxh8 41. Rxh8 Kxf6 42. Re8 Kf5 43. Kf2 d3 44. Ke3 d4+ 45. Kxd3 1-0